| 000 | 00397pab a2200157 454500 | ||
|---|---|---|---|
| 008 | 180718b1984 xxu||||| |||| 00| 0 eng d | ||
| 100 | _aNagchaudhuri, B.D. | ||
| 245 | _aPopulation, environment and world order | ||
| 260 | _c1984 | ||
| 300 | _a212-17 | ||
| 362 | _aApr.-June | ||
| 650 | _aPopulation - Underdeveloped Areas | ||
| 700 | _aS. Bhatt | ||
| 773 | _aIndia Quarterly | ||
| 909 | _a15544 | ||
| 999 |
_c15544 _d15544 |
||